000 00590nam a22001577a 4500
020 _a978-1-4088-3912-6
082 _a823
_bMAA/H
100 _aMAAS,SARAH J
245 _aHEIR OF FIRE
246 _aHEIR OF FIRE
_bHEIR OF FIRE
260 _aLONDON
_bBLOOMSBURY
_c2014
300 _a557
520 _aHeir of Fire follows Celaena/Aelin's journey to Wendlyn, while Chaol explores Ardalan's mysteries and Dorian tries to learn to control his magic. It also introduces Manon, a witch, leader of a ruthless band of witches known as the Thirteen.
650 _aENGLISH FANTACY NOVEL
942 _cBK
999 _c8614
_d8614